| 000 | 00643nam a22001937a 4500 | ||
|---|---|---|---|
| 003 | OSt | ||
| 005 | 20131115123554.0 | ||
| 008 | 130529s1997 sp ||||| |||| 00| 0 spa d | ||
| 040 | _cCDMR | ||
| 100 | 1 |
_93562 _aNieto, Miguel Ángel _d1960- |
|
| 245 | 1 | 0 |
_aCazadores de noticias _b: así se descubrieron los grandes escándalos de la democracia _cMiguel Ángel Nieto |
| 260 |
_aMadrid _bTemas de Hoy _c1997 |
||
| 300 | _a293 p. | ||
| 490 | 0 |
_aGrandes Temas _v69 |
|
| 650 | 0 | 4 |
_93353 _aPeriodisme d'investigació |
| 650 | 0 | 4 |
_94090 _aPremsa i política _zEspanya |
| 650 | 0 | 4 |
_94352 _aEscàndols en els mitjans de comunicació de massa |
| 942 |
_2udc _cMON |
||
| 999 |
_c6346 _d6346 |
||